[Event "Doeberl Cup 34th"]
[Site "Canberra"]
[Date "1996.??.??"]
[Round "6"]
[White "Shaw, Terrey Ian"]
[Black "Levi, Eddy"]
[Result "1/2-1/2"]
[WhiteElo "2300"]
[BlackElo "2260"]
[PlyCount "46"]
[EventDate "1996.04.??"]
[EventType "swiss"]
[EventRounds "7"]
[EventCountry "AUS"]
[SourceTitle "CBM 051 Extra"]
[Source "ChessBase"]
[SourceDate "1996.05.01"]
[SourceVersion "1"]
[SourceVersionDate "1996.05.01"]
[SourceQuality "1"]

1. e4 e5 2. Nc3 Nf6 3. g3 d6 4. Bg2 d5 5. d3 Bc5 6. Qe2 dxe4 7. Nxe4 Nxe4 8. Qxe4 0-0 9. Ne2 Qe7 10. d4 Bd6 11. dxe5 Qxe5 12. Qxe5 Bxe5 13. c3 Nd7 14. Be3 Nb6 15. 0-0-0 Be6 16. b3 Bd5 17. Bxd5 Nxd5 18. Bd2 a5 19. c4 Nf6 20. Bc3 Rfe8 21. Bxe5 Rxe5 22. Nc3 Rae8 23. Rd2 g6 1/2-1/2

[Event "Doeberl Cup 34th"]
[Site "Canberra"]
[Date "1996.??.??"]
[Round "4"]
[White "Shaw, Terrey Ian"]
[Black "Viner, Phillip John"]
[Result "1-0"]
[WhiteElo "2300"]
[BlackElo "2185"]
[PlyCount "47"]
[EventDate "1996.04.??"]
[EventType "swiss"]
[EventRounds "7"]
[EventCountry "AUS"]
[SourceTitle "CBM 051 Extra"]
[Source "ChessBase"]
[SourceDate "1996.05.01"]
[SourceVersion "1"]
[SourceVersionDate "1996.05.01"]
[SourceQuality "1"]

1. e4 e6 2. d4 d5 3. Nd2 c5 4. exd5 Qxd5 5. Ngf3 cxd4 6. Bc4 Qd8 7. Nb3 Bb4+ 8. Bd2 Bxd2+ 9. Qxd2 Nc6 10. Nbxd4 Nxd4 11. Nxd4 Nf6 12. 0-0-0 0-0 13. Qf4 Qa5 14. Rhe1 Bd7 15. g4 Bc6 16. Nxc6 bxc6 17. g5 Nd5 18. Qe4 Rab8 19. Bb3 Rfd8 20. f4 Rb4 21. Qe5 g6 22. c3 Rbb8 23. h4 Qc7 24. Rxd5 1-0

[Event "AUS-ch"]
[Site "Sydney"]
[Date "1995.??.??"]
[Round "8"]
[White "Sandler, Leonid"]
[Black "Shaw, Terrey Ian"]
[Result "1/2-1/2"]
[WhiteElo "2375"]
[BlackElo "2300"]
[PlyCount "82"]
[EventDate "1995.??.??"]
[EventType "swiss"]
[EventRounds "11"]
[EventCountry "AUS"]
[SourceTitle "EXT 1998"]
[Source "ChessBase"]
[SourceDate "1997.11.17"]
[SourceVersion "1"]
[SourceVersionDate "1997.11.17"]
[SourceQuality "1"]

1. e4 e5 2. Nf3 Nc6 3. Bb5 a6 4. Bxc6 dxc6 5. 0-0 Bg4 6. d3 Bc5 7. h3 Bxf3 8. Qxf3 Qf6 9. Qg3 Ne7 10. Nd2 h6 11. Nf3 Ng6 12. b3 Nf4 13. Bxf4 exf4 14. Qg4 h5 15. Qg5 Qxg5 16. Nxg5 Be7 17. Nf3 c5 18. Rfe1 0-0-0 19. e5 Rh6 20. Re4 g5 21. Nd2 Re6 22. Rae1 Rd5 23. Nb1 Rd4 24. Nd2 Kd7 25. Nf3 Rxe4 26. Rxe4 f5 27. exf6 Bxf6 28. Kf1 Kd6 29. Ke2 Kd5 30. c4+ Kd6 31. Nd2 g4 32. hxg4 hxg4 33. Nf1 Be5 34. g3 fxg3 35. fxg3 Rg6 36. Ne3 Rg5 37. Nf1 Rg6 38. Kf2 Bd4+ 39. Kg2 Rf6 40. Re2 Re6 41. Rxe6+ Kxe6 1/2-1/2

[Event "AUS-ch"]
[Site "Sydney"]
[Date "1995.??.??"]
[Round "9"]
[White "Shaw, Terrey Ian"]
[Black "Canfell, Gregory"]
[Result "1/2-1/2"]
[WhiteElo "2300"]
[BlackElo "2285"]
[PlyCount "81"]
[EventDate "1995.??.??"]
[EventType "swiss"]
[EventRounds "11"]
[EventCountry "AUS"]
[SourceTitle "EXT 1998"]
[Source "ChessBase"]
[SourceDate "1997.11.17"]
[SourceVersion "1"]
[SourceVersionDate "1997.11.17"]
[SourceQuality "1"]

1. e4 c5 2. Nf3 e6 3. c4 Nc6 4. Nc3 Nf6 5. d4 cxd4 6. Nxd4 Bb4 7. Nxc6 dxc6 8. Qxd8+ Kxd8 9. e5 Ne4 10. Bd2 Bxc3 11. Bxc3 Nxc3 12. bxc3 Kc7 13. 0-0-0 c5 14. h4 Bd7 15. Rh3 Bc6 16. Rg3 g6 17. Rg4 Rad8 18. Rf4 Rxd1+ 19. Kxd1 Rf8 20. Rf6 Kd8 21. g3 Ke7 22. Bd3 Rd8 23. Ke2 Bg2 24. Bc2 Bc6 25. Rf4 Rf8 26. g4 Rh8 27. h5 Rg8 28. h6 Rc8 29. g5 Be8 30. Rg4 Rc6 31. Rg1 Ra6 32. Ra1 Ba4 33. Kd2 Kd8 34. Kc1 Kc7 35. Kb2 Bxc2 36. Kxc2 Kd8 37. Rd1+ Ke7 38. Kb3 Rb6+ 39. Kc2 Ra6 40. Kb2 Rb6+ 41. Kc2 1/2-1/2

[Event "AUS-ch"]
[Site "Sydney"]
[Date "1995.??.??"]
[Round "7"]
[White "Shaw, Terrey Ian"]
[Black "Fuller, Maxwell L"]
[Result "0-1"]
[WhiteElo "2300"]
[BlackElo "2275"]
[PlyCount "78"]
[EventDate "1995.??.??"]
[EventType "swiss"]
[EventRounds "11"]
[EventCountry "AUS"]
[SourceTitle "EXT 1998"]
[Source "ChessBase"]
[SourceDate "1997.11.17"]
[SourceVersion "1"]
[SourceVersionDate "1997.11.17"]
[SourceQuality "1"]

1. e4 b6 2. d4 Bb7 3. Nc3 e6 4. Nf3 Bb4 5. Bd3 Nf6 6. Qe2 d5 7. e5 Ne4 8. Bd2 Nxd2 9. Nxd2 c5 10. Qg4 0-0 11. Qh3 h6 12. a3 Bxc3 13. bxc3 Ba6 14. Bxa6 Nxa6 15. 0-0 cxd4 16. cxd4 Rc8 17. Qd3 Nb8 18. Rfc1 Nc6 19. Nb3 Ne7 20. a4 a5 21. Nd2 Rc6 22. c3 Qc7 23. Rc2 Rc8 24. Rac1 h5 25. g3 Nf5 26. h3 Qe7 27. c4 dxc4 28. Rxc4 Rxc4 29. Rxc4 Rd8 30. Nf3 Qb7 31. Kh2 g6 32. g4 hxg4 33. hxg4 Ne7 34. Kg3 Kg7 35. Ng5 Nd5 36. Qf3 Qe7 37. Ne4 g5 38. Nd6 Nf4 39. Nc8 Rh8 0-1

[Event "AUS-ch"]
[Site "Sydney"]
[Date "1990.??.??"]
[Round "10"]
[White "Shaw, Terrey Ian"]
[Black "Depasquale, Chris"]
[Result "0-1"]
[WhiteElo "2280"]
[BlackElo "2274"]
[PlyCount "119"]
[EventDate "1990.01.??"]
[EventType "swiss"]
[EventRounds "11"]
[EventCountry "AUS"]
[SourceTitle "EXT 2011"]
[Source "ChessBase"]
[SourceDate "2010.11.26"]
[SourceVersion "1"]
[SourceVersionDate "2010.11.26"]
[SourceQuality "1"]

1. e4 Nf6 2. e5 Nd5 3. c4 Nb6 4. c5 Nd5 5. Nc3 c6 6. Bc4 d6 7. Nxd5 cxd5 8. Bxd5 e6 9. Bb3 dxe5 10. Qe2 Nc6 11. Nf3 Qc7 12. Ba4 Bd7 13. 0-0 Bxc5 14. Bxc6 Bxc6 15. Nxe5 Bd5 16. Qb5+ Ke7 17. d4 Bxd4 18. Nf3 Bc4 19. Bg5+ f6 20. Rfc1 Rac8 21. Qb4+ Bc5 22. Qxc4 Bxf2+ 23. Kxf2 Qxc4 24. Rxc4 Rxc4 25. Be3 Rc2+ 26. Kf1 Rxb2 27. Bd4 Rc2 28. Bxa7 Ra8 29. Nd4 Rb2 30. Bc5+ Kf7 31. a4 b6 32. Ba3 Rd2 33. Nf3 Rc2 34. Bc1 e5 35. Ne1 Rc4 36. Be3 b5 37. a5 Ra4 38. Rxa4 bxa4 39. Bb6 Rc8 40. Nd3 Rc4 41. Be3 Rc3 42. Ke2 a3 43. Bd2 Rc2 44. Nc1 a2 45. Nb3 Rb2 46. Na1 Rb1 47. Bc3 Ke6 48. Kd3 Kd5 49. Nc2 Kc5 50. Na1 e4+ 51. Kc2 Kc4 52. g4 e3 53. a6 Rb6 54. a7 Ra6 55. g5 Rxa7 56. gxf6 gxf6 57. Bxf6 Rf7 58. Bh4 Rf2+ 59. Kc1 Kc3 60. Bf6+ 0-1

[Event "AUS-ch"]
[Site "Sydney"]
[Date "1990.??.??"]
[Round "6"]
[White "Shaw, Terrey Ian"]
[Black "Stephson, David"]
[Result "0-1"]
[WhiteElo "2280"]
[BlackElo "2201"]
[PlyCount "70"]
[EventDate "1990.01.??"]
[EventType "swiss"]
[EventRounds "11"]
[EventCountry "AUS"]
[SourceTitle "EXT 2011"]
[Source "ChessBase"]
[SourceDate "2010.11.26"]
[SourceVersion "1"]
[SourceVersionDate "2010.11.26"]
[SourceQuality "1"]

1. e4 c5 2. Nf3 e6 3. c4 Nc6 4. d4 cxd4 5. Nxd4 Nf6 6. Nc3 Bb4 7. Nxc6 bxc6 8. Qc2 0-0 9. Bd3 e5 10. 0-0 d6 11. Rd1 Bc5 12. Be2 Ng4 13. Bxg4 Bxg4 14. Re1 Be6 15. b3 f5 16. Be3 Bb4 17. Bd2 f4 18. Na4 Bxd2 19. Qxd2 Qg5 20. f3 Rad8 21. Qf2 Rf6 22. Rad1 Rh6 23. Kh1 Qh5 24. Qg1 Bc8 25. Re2 g5 26. g4 fxg3 27. Qxg3 Rf6 28. Rd3 Rdf8 29. Rf2 Kh8 30. c5 g4 31. cxd6 gxf3 32. d7 Bxd7 33. Qg1 Bh3 34. Qc1 Qg4 35. Rdd2 Rg8 0-1

[Event "AUS-ch"]
[Site "Gosford"]
[Date "1988.01.11"]
[Round "13.3"]
[White "Reilly, Tim"]
[Black "Shaw, Terrey Ian"]
[Result "1/2-1/2"]
[WhiteElo "2218"]
[BlackElo "2191"]
[PlyCount "65"]
[EventDate "1987.??.??"]
[EventType "swiss"]
[EventRounds "13"]
[EventCountry "AUS"]
[SourceTitle "EXT 2003"]
[Source "ChessBase"]
[SourceDate "2002.11.25"]
[SourceVersion "1"]
[SourceVersionDate "2002.11.25"]
[SourceQuality "1"]

1. d4 Nf6 2. c4 e6 3. Nc3 d5 4. cxd5 exd5 5. Bg5 c6 6. e3 Be7 7. Bd3 Nbd7 8. Qc2 Nf8 9. Nf3 Ne6 10. Bh4 g6 11. 0-0 0-0 12. Rab1 Ng7 13. b4 a6 14. a4 Bf5 15. Rfc1 Nd7 16. Bxe7 Qxe7 17. b5 axb5 18. axb5 Rfc8 19. bxc6 bxc6 20. Bxf5 Nxf5 21. Na4 Rc7 22. Nc5 Nxc5 23. Qxc5 Qxc5 24. Rxc5 Rac8 25. Rbc1 f6 26. g4 Nd6 27. Nd2 Kf7 28. Kg2 Nb7 29. R5c2 c5 30. dxc5 Rxc5 31. Rxc5 Rxc5 32. Rxc5 Nxc5 33. f4 1/2-1/2

[Event "AUS-ch"]
[Site "Gosford"]
[Date "1988.01.10"]
[Round "12.3"]
[White "Shaw, Terrey Ian"]
[Black "Ginat, Michael"]
[Result "1-0"]
[WhiteElo "2191"]
[BlackElo "2192"]
[PlyCount "81"]
[EventDate "1987.??.??"]
[EventType "swiss"]
[EventRounds "13"]
[EventCountry "AUS"]
[SourceTitle "EXT 2003"]
[Source "ChessBase"]
[SourceDate "2002.11.25"]
[SourceVersion "1"]
[SourceVersionDate "2002.11.25"]
[SourceQuality "1"]

1. e4 c5 2. Nf3 e6 3. c4 Nc6 4. Nc3 d6 5. d4 cxd4 6. Nxd4 Nf6 7. Be2 Be7 8. 0-0 0-0 9. b3 a6 10. Be3 Qc7 11. Rc1 Bd7 12. Qd2 Rab8 13. Rfd1 Rfd8 14. f4 b6 15. Nd5 exd5 16. cxd5 Nxe4 17. Qe1 Nc5 18. dxc6 Bc8 19. b4 Ne6 20. a4 Re8 21. Nxe6 Bxe6 22. Bxa6 Bb3 23. Rd3 Bxa4 24. b5 d5 25. Qd2 Bd6 26. Rxd5 Re6 27. g3 Rbe8 28. Bf2 Bb3 29. Rd3 Re2 30. Qc3 Be6 31. Re1 Rxf2 32. Kxf2 Bc5+ 33. Kf3 h5 34. Re5 Rd8 35. Qd2 Rxd3+ 36. Qxd3 Bg4+ 37. Kg2 g6 38. Rd5 Qe7 39. Re5 Qc7 40. Qe4 Kg7 41. Rxc5 1-0

[Event "AUS-ch"]
[Site "Gosford"]
[Date "1988.01.08"]
[Round "10.1"]
[White "Depasquale, Chris"]
[Black "Shaw, Terrey Ian"]
[Result "1-0"]
[WhiteElo "2305"]
[BlackElo "2191"]
[PlyCount "80"]
[EventDate "1987.??.??"]
[EventType "swiss"]
[EventRounds "13"]
[EventCountry "AUS"]
[SourceTitle "EXT 2003"]
[Source "ChessBase"]
[SourceDate "2002.11.25"]
[SourceVersion "1"]
[SourceVersionDate "2002.11.25"]
[SourceQuality "1"]

1. b3 d5 2. Bb2 Bf5 3. e3 Nf6 4. Be2 c5 5. g4 Bd7 6. g5 Ne4 7. h4 Bc6 8. Nf3 Nd7 9. Nc3 Nxc3 10. Bxc3 Qc7 11. d4 e6 12. Qd2 0-0-0 13. 0-0-0 Rg8 14. Kb1 f6 15. Rhg1 f5 16. Ne1 Kb8 17. Nd3 Bb5 18. dxc5 Bxd3 19. cxd3 Bxc5 20. Rc1 Qd6 21. b4 Bb6 22. Bd1 Rc8 23. Ba4 Ne5 24. Rgd1 Nc6 25. Bxc6 Rxc6 26. Qb2 Qd7 27. Be5+ Ka8 28. Rxc6 bxc6 29. Rc1 g6 30. Qc3 Kb7 31. a4 Rc8 32. a5 Bc7 33. Bxc7 Rxc7 34. d4 Qd6 35. Kb2 Kc8 36. Kb3 Kd7 37. f4 Rb7 38. Rc2 Rb5 39. Ka4 a6 40. h5 Qf8 1-0

[Event "AUS-ch"]
[Site "Gosford"]
[Date "1988.01.04"]
[Round "7.2"]
[White "Shaw, Terrey Ian"]
[Black "Solomon, Stephen J"]
[Result "1-0"]
[WhiteElo "2191"]
[BlackElo "2339"]
[PlyCount "81"]
[EventDate "1987.??.??"]
[EventType "swiss"]
[EventRounds "13"]
[EventCountry "AUS"]
[SourceTitle "EXT 2003"]
[Source "ChessBase"]
[SourceDate "2002.11.25"]
[SourceVersion "1"]
[SourceVersionDate "2002.11.25"]
[SourceQuality "1"]

1. e4 e5 2. Nc3 Nf6 3. g3 c6 4. d4 Qa5 5. Bg2 Bb4 6. Nge2 d5 7. exd5 Nxd5 8. Bd2 Nxc3 9. Bxc3 Bf5 10. Qd2 Bxc3 11. Nxc3 Na6 12. Qg5 exd4 13. 0-0-0 f6 14. Qxg7 0-0-0 15. Rxd4 Nb4 16. Rhd1 Nxc2 17. Rxd8+ Rxd8 18. Qxf6 Rxd1+ 19. Kxd1 Nb4 20. Be4 Bxe4 21. Qe6+ Kd8 22. Nxe4 Nxa2 23. Qd6+ Ke8 24. Qb8+ Qd8+ 25. Nd6+ Kd7 26. Qxd8+ Kxd8 27. Nxb7+ Kc7 28. Nc5 Nb4 29. Kd2 Kd6 30. Nd3 Nd5 31. f4 Nf6 32. Ne5 Kd5 33. Ke3 h5 34. h3 c5 35. g4 c4 36. g5 Ne8 37. Nd7 Kd6 38. Ne5 Kd5 39. Nf3 Ng7 40. Nd4 a5 41. f5 1-0

[Event "AUS-ch"]
[Site "Gosford"]
[Date "1987.12.29"]
[Round "2.3"]
[White "Shaw, Terrey Ian"]
[Black "West, Guy"]
[Result "0-1"]
[WhiteElo "2191"]
[BlackElo "2364"]
[PlyCount "58"]
[EventDate "1987.??.??"]
[EventType "swiss"]
[EventRounds "13"]
[EventCountry "AUS"]
[SourceTitle "EXT 2003"]
[Source "ChessBase"]
[SourceDate "2002.11.25"]
[SourceVersion "1"]
[SourceVersionDate "2002.11.25"]
[SourceQuality "1"]

1. e4 c5 2. Nf3 d6 3. Bb5+ Bd7 4. Bxd7+ Nxd7 5. d4 cxd4 6. Qxd4 Ngf6 7. Nc3 e6 8. Bg5 Be7 9. 0-0-0 Qa5 10. Rhe1 0-0 11. Qa4 Qc7 12. Bxf6 Nxf6 13. e5 dxe5 14. Nxe5 a6 15. f4 Rad8 16. Rxd8 Rxd8 17. Rd1 Rxd1+ 18. Nxd1 Bd6 19. Nd3 h6 20. Ne3 Nd7 21. g3 Nc5 22. Nxc5 Bxc5 23. Ng4 Qd8 24. a3 f6 25. Qb3 Qb6 26. Qa4 Kf7 27. h4 h5 28. Nh2 Be7 29. Nf1 Qf2 0-1

[Event "AUS-ch45 1985/86"]
[Site "Toowoomba"]
[Date "1986.01.12"]
[Round "12.3"]
[White "Shaw, Terrey Ian"]
[Black "Depasquale, Chris"]
[Result "0-1"]
[WhiteElo "2305"]
[BlackElo "2245"]
[PlyCount "140"]
[EventDate "1985.12.28"]
[EventType "swiss"]
[EventRounds "13"]
[EventCountry "AUS"]
[SourceTitle "EXT 2003"]
[Source "ChessBase"]
[SourceDate "2002.11.25"]
[SourceVersion "1"]
[SourceVersionDate "2002.11.25"]
[SourceQuality "1"]

1. e4 Nf6 2. e5 Nd5 3. c4 Nb6 4. c5 Nd5 5. Nc3 e6 6. Nxd5 exd5 7. d4 d6 8. cxd6 cxd6 9. Nf3 Nc6 10. Be2 dxe5 11. dxe5 Be7 12. 0-0 0-0 13. Qb3 Rb8 14. Rd1 Be6 15. Bf4 Bc5 16. Be3 b6 17. Bb5 Ne7 18. Nd4 Qc7 19. f4 Nf5 20. Nxf5 Bxf5 21. Rac1 Bg4 22. Re1 Rfd8 23. Qd3 Qe7 24. Bd4 g6 25. a3 a5 26. Qe3 Rbc8 27. Bd3 Rc7 28. h3 Be6 29. b4 Bxd4 30. Qxd4 Rdc8 31. Rxc7 Qxc7 32. Rd1 Qc3 33. Qxc3 Rxc3 34. bxa5 bxa5 35. a4 Kf8 36. Kf2 Ke7 37. Bb5 Kd8 38. Rd3 Rc2+ 39. Kf3 Kc7 40. g4 Kb6 41. Rd1 Rc3+ 42. Rd3 Rc1 43. Rb3 Kc5 44. Bd3 Kd4 45. f5 gxf5 46. gxf5 Bd7 47. e6 fxe6 48. fxe6 Bxe6 49. Bxh7 Bd7 50. Rd3+ Kc4 51. Ke3 Re1+ 52. Kd2 Rh1 53. Be4 Rh2+ 54. Kc1 Be6 55. Bg6 Bxh3 56. Rg3 Bd7 57. Bc2 d4 58. Rg5 Be6 59. Rxa5 Kc3 60. Rc5+ Bc4 61. Bd1 Rh1 62. Rc8 d3 63. Rd8 Rh2 64. Rc8 d2+ 65. Kb1 Rh1 66. Rxc4+ Kxc4 67. Kc2 Rh2 68. a5 Kd4 69. a6 Ke3 70. Kc3 Rh7 0-1

[Event "Olympiad-26"]
[Site "Thessaloniki"]
[Date "1984.11.29"]
[Round "10"]
[White "Shaw, Terrey Ian"]
[Black "Jakobsen, Ole"]
[Result "0-1"]
[WhiteElo "2320"]
[BlackElo "2420"]
[PlyCount "80"]
[EventDate "1984.11.19"]
[EventType "team-swiss"]
[EventRounds "14"]
[EventCountry "GRE"]
[SourceTitle "EXT 1997"]
[Source "ChessBase"]
[SourceDate "1996.11.15"]
[SourceVersion "1"]
[SourceVersionDate "1996.11.15"]
[SourceQuality "1"]
[WhiteTeam "Australia"]
[BlackTeam "Denmark"]
[WhiteTeamCountry "AUS"]
[BlackTeamCountry "DEN"]

1. e4 c5 2. Nf3 e6 3. c4 d6 4. d4 cxd4 5. Nxd4 Nf6 6. Nc3 b6 7. g3 Bb7 8. Bg2 a6 9. b3 Be7 10. Bb2 Qc7 11. 0-0 0-0 12. Qe2 Nc6 13. Nf3 Rfe8 14. Rfe1 Rad8 15. Rad1 Qb8 16. Qe3 Ba8 17. h3 b5 18. cxb5 axb5 19. e5 dxe5 20. Nxe5 Qxe5 21. Qxe5 Nxe5 22. Rxe5 b4 23. Rxd8 Rxd8 24. Na4 Rd1+ 25. Kh2 Bxg2 26. Kxg2 Nd5 27. Re2 h5 28. h4 Bf6 29. Bxf6 Nxf6 30. Nb2 Ra1 31. Nd3 Nd5 32. Rc2 Rd1 33. Ne5 f6 34. Nc6 Kf7 35. Kf3 Ra1 36. Ke2 g5 37. hxg5 fxg5 38. Kf3 Kf6 39. g4 h4 40. Rc4 Rg1 0-1

[Event "Olympiad-25"]
[Site "Luzern"]
[Date "1982.11.05"]
[Round "6"]
[White "Kagan, Shimon"]
[Black "Shaw, Terrey Ian"]
[Result "0-1"]
[WhiteElo "2425"]
[BlackElo "2355"]
[PlyCount "102"]
[EventDate "1982.10.30"]
[EventType "team-swiss"]
[EventRounds "14"]
[EventCountry "SUI"]
[SourceTitle "EXT 1997"]
[Source "ChessBase"]
[SourceDate "1996.11.15"]
[SourceVersion "1"]
[SourceVersionDate "1996.11.15"]
[SourceQuality "1"]
[WhiteTeam "Israel"]
[BlackTeam "Australia"]
[WhiteTeamCountry "ISR"]
[BlackTeamCountry "AUS"]

1. e4 c6 2. d4 d5 3. Nd2 dxe4 4. Nxe4 Bf5 5. Ng3 Bg6 6. Nf3 Nd7 7. Bd3 Qc7 8. 0-0 e6 9. Re1 Be7 10. Qe2 Bxd3 11. Qxd3 Ngf6 12. c4 0-0 13. Bd2 Rfe8 14. Bc3 Rad8 15. Qe2 c5 16. Rad1 cxd4 17. Nxd4 a6 18. Nf3 h6 19. b3 Bd6 20. Ne4 Be7 21. Nxf6+ Bxf6 22. Bxf6 Nxf6 23. Ne5 Rxd1 24. Rxd1 Rd8 25. Rxd8+ Qxd8 26. h3 Qd4 27. Nf3 Qa1+ 28. Kh2 Qb1 29. Ne5 Qf5 30. Nd3 Nd7 31. b4 e5 32. f3 f6 33. a4 Nb6 34. g4 Qd7 35. Nc5 Qd4 36. Nxb7 Nxa4 37. Qc2 Nc3 38. Nd6 Qe3 39. Kg2 Ne2 40. Qd1 Nf4+ 41. Kf1 Nd3 42. Ne4 Kf7 43. b5 g6 44. Kg2 f5 45. gxf5 gxf5 46. Ng3 e4 47. Nxf5 exf3+ 48. Kh1 Nf2+ 49. Kg1 Nxh3+ 50. Kh2 Qe2+ 51. Qxe2 fxe2 0-1

[Event "Olympiad-25"]
[Site "Luzern"]
[Date "1982.10.31"]
[Round "2"]
[White "Fries Nielsen, Jens Ove"]
[Black "Shaw, Terrey Ian"]
[Result "1-0"]
[WhiteElo "2355"]
[BlackElo "2355"]
[PlyCount "51"]
[EventDate "1982.10.30"]
[EventType "team-swiss"]
[EventRounds "14"]
[EventCountry "SUI"]
[SourceTitle "EXT 1997"]
[Source "ChessBase"]
[SourceDate "1996.11.15"]
[SourceVersion "1"]
[SourceVersionDate "1996.11.15"]
[SourceQuality "1"]
[WhiteTeam "Denmark"]
[BlackTeam "Australia"]
[WhiteTeamCountry "DEN"]
[BlackTeamCountry "AUS"]

1. e4 e5 2. Nf3 Nc6 3. Bc4 Bc5 4. c3 Nf6 5. d3 d6 6. 0-0 Qe7 7. Nbd2 Be6 8. Bb5 Bd7 9. Ba4 0-0 10. Bc2 Ne8 11. Re1 g6 12. Nc4 f6 13. d4 exd4 14. cxd4 Bb4 15. Re2 Bg4 16. a3 b5 17. Ne3 Bxf3 18. gxf3 Ba5 19. Bb3+ Kh8 20. Bd5 Ne5 21. dxe5 fxe5 22. Bxa8 Rxf3 23. Ng2 Ng7 24. Bd5 Nh5 25. Re3 Rf8 26. Rf3 1-0

[Event "AUS-ch41 1981/82"]
[Site "Melbourne"]
[Date "1982.01.11"]
[Round "10.3"]
[White "Shaw, Terrey Ian"]
[Black "Rogers, Ian"]
[Result "0-1"]
[WhiteElo "2355"]
[BlackElo "2355"]
[PlyCount "120"]
[EventDate "1981.12.29"]
[EventType "swiss"]
[EventRounds "13"]
[EventCountry "AUS"]
[SourceTitle "EXT 2003"]
[Source "ChessBase"]
[SourceDate "2002.11.25"]
[SourceVersion "1"]
[SourceVersionDate "2002.11.25"]
[SourceQuality "1"]

1. e4 e6 2. d4 c5 3. c3 d5 4. exd5 Qxd5 5. Nf3 Nf6 6. Be2 Nc6 7. 0-0 cxd4 8. cxd4 Be7 9. Nc3 Qd6 10. a3 0-0 11. b4 Rd8 12. Be3 b6 13. Qb3 Bb7 14. Rfd1 Rac8 15. Rac1 h6 16. Ne1 a5 17. d5 Ne5 18. dxe6 Qxe6 19. Qxe6 fxe6 20. Rxd8+ Bxd8 21. Nb5 Rxc1 22. Bxc1 axb4 23. axb4 Be7 24. Nc2 Nd5 25. Bd2 Ba6 26. Nbd4 Bxe2 27. Nxe2 Nd3 28. b5 Bc5 29. Be3 Nxe3 30. fxe3 Ne5 31. h3 Kf7 32. Nc3 Ke7 33. Ne4 Nc4 34. Kf2 Ba3 35. Ke2 Bb2 36. Kd3 Nd6 37. Nd2 Kf6 38. Nb4 Nxb5 39. Nc4 Ba3 40. Na6 Bc5 41. Nxc5 bxc5 42. Nb6 Ke5 43. Kc4 Nd6+ 44. Kxc5 Nf5 45. Nd7+ Ke4 46. g4 g5 47. gxf5 exf5 48. Nf6+ Kxe3 49. Kd5 Kf3 50. Nd7 Kg3 51. Kd4 h5 52. Ke3 Kxh3 53. Kf2 h4 54. Ne5 g4 55. Nd3 Kh2 56. Nf4 g3+ 57. Kf1 h3 58. Ne2 f4 59. Ng1 f3 60. Nxf3+ Kh1 0-1

[Event "AUS-ch41 1981/82"]
[Site "Melbourne"]
[Date "1982.01.02"]
[Round "4.6"]
[White "Morris, Colin"]
[Black "Shaw, Terrey Ian"]
[Result "0-1"]
[WhiteElo "2260"]
[BlackElo "2355"]
[PlyCount "81"]
[EventDate "1981.12.29"]
[EventType "swiss"]
[EventRounds "13"]
[EventCountry "AUS"]
[SourceTitle "EXT 2003"]
[Source "ChessBase"]
[SourceDate "2002.11.25"]
[SourceVersion "1"]
[SourceVersionDate "2002.11.25"]
[SourceQuality "1"]

1. d4 d5 2. c4 e6 3. Nc3 Nf6 4. Bg5 Be7 5. Nf3 0-0 6. e3 h6 7. Bh4 Ne4 8. Bxe7 Qxe7 9. Be2 Nd7 10. Qc2 Ndf6 11. 0-0 Nxc3 12. Qxc3 c5 13. Qa3 dxc4 14. Qxc5 Qxc5 15. dxc5 Ne4 16. c6 c3 17. b3 bxc6 18. Ne5 Bb7 19. f3 Nf6 20. Rfc1 Rfd8 21. Nc4 Ba6 22. Rxc3 Nd5 23. Rc2 Bxc4 24. Rxc4 Nxe3 25. Rxc6 Rd2 26. Bf1 Rad8 27. Rcc1 Rb2 28. Rcb1 Rdd2 29. Rxb2 Rxb2 30. h3 g6 31. f4 Kg7 32. Bd3 g5 33. Re1 Nd5 34. Ra1 Nxf4 35. Bf1 Kf6 36. Kh1 a5 37. Kg1 Nd5 38. Bc4 Ne3 39. Bd3 Nxg2 40. Bc4 Nf4 41. Bf1 0-1

[Event "Zuerich op-A 06th"]
[Site "Zuerich"]
[Date "1982.??.??"]
[Round "5"]
[White "Shaw, Terrey Ian"]
[Black "Manievich, Victor"]
[Result "1-0"]
[WhiteElo "2355"]
[BlackElo "2290"]
[PlyCount "75"]
[EventDate "1982.12.26"]
[EventType "swiss"]
[EventRounds "7"]
[EventCountry "SUI"]
[SourceTitle "EXT 2008"]
[Source "ChessBase"]
[SourceDate "2007.11.25"]
[SourceVersion "1"]
[SourceVersionDate "2007.11.25"]
[SourceQuality "1"]

1. e4 e5 2. Nc3 Nf6 3. g3 Bc5 4. Bg2 Nc6 5. Nge2 0-0 6. 0-0 a6 7. d3 d6 8. a3 Be6 9. Nd5 Ne8 10. b4 Ba7 11. Be3 Bxe3 12. Nxe3 Nd4 13. c3 Nxe2+ 14. Qxe2 c6 15. Rad1 Qb6 16. d4 a5 17. dxe5 dxe5 18. Qh5 axb4 19. axb4 Qc7 20. Nf5 Nf6 21. Qg5 Bxf5 22. exf5 Rfd8 23. Qe3 h6 24. h3 Re8 25. Be4 Ra3 26. Rd3 b6 27. Rfd1 c5 28. b5 c4 29. Rd6 Rxc3 30. Qe1 Rb3 31. Bc6 Re7 32. Qe2 Rd3 33. R6xd3 cxd3 34. Qxd3 Kh7 35. Qd8 Qa7 36. Qf8 g6 37. Rd6 Nh5 38. Rd8 1-0

[Event "Olympiad-24"]
[Site "Valetta"]
[Date "1980.12.02"]
[Round "11"]
[White "Bielczyk, Jacek"]
[Black "Shaw, Terrey Ian"]
[Result "1/2-1/2"]
[WhiteElo "2380"]
[BlackElo "2330"]
[PlyCount "120"]
[EventDate "1980.11.20"]
[EventType "team-swiss"]
[EventRounds "14"]
[EventCountry "MLT"]
[SourceTitle "EXT 2000"]
[Source "ChessBase"]
[SourceDate "1999.11.16"]
[SourceVersion "1"]
[SourceVersionDate "1999.11.16"]
[SourceQuality "1"]
[WhiteTeam "Poland"]
[BlackTeam "Australia"]
[WhiteTeamCountry "POL"]
[BlackTeamCountry "AUS"]

1. e4 e5 2. Bc4 Bc5 3. d3 d6 4. Nc3 Nc6 5. a3 a6 6. Nd5 Be6 7. Nf3 h6 8. c3 Nce7 9. Nxe7 Qxe7 10. Qb3 Rb8 11. 0-0 Bxc4 12. Qxc4 Qe6 13. Nxe5 Qxe5 14. d4 Qxe4 15. Bd2 b5 16. Qb3 Kf8 17. dxc5 dxc5 18. Rae1 Qf5 19. Re3 Nf6 20. Rfe1 Re8 21. a4 Rxe3 22. Bxe3 c4 23. Qb4+ Kg8 24. Bd4 Kh7 25. h3 Re8 26. Rxe8 Nxe8 27. axb5 axb5 28. Qf8 Qe6 29. f4 f5 30. Be5 c6 31. Kh2 Nf6 32. Kg1 Nh5 33. Kh2 Qg6 34. Kg1 Ng3 35. Kh2 h5 36. Qe7 Ne4 37. Kg1 Nd2 38. Kf2 Nb3 39. Qd7 Nc1 40. Kg1 Nd3 41. b4 h4 42. Kf1 Qg3 43. Qxf5+ Qg6 44. Qf8 Nxe5 45. fxe5 Qd3+ 46. Kg1 Qe3+ 47. Qf2 Qe4 48. e6 Qxe6 49. Qxh4+ Kg6 50. Qd4 Kh7 51. Kf2 Qg6 52. Kf3 Qf5+ 53. Kg3 Qg5+ 54. Kh2 Qg6 55. Qe5 Qd3 56. h4 Qg6 57. Kh3 Qd3+ 58. Kh2 Qd5 59. Qe3 Qd3 60. Qe5 Qd5 1/2-1/2